| 000 -LEADER | |
|---|---|
| fixed length control field | 00388nam a22001577a 4500 |
| 005 - DATE AND TIME OF LATEST TRANSACTION | |
| control field | 20180201112658.0 |
| 008 - FIXED-LENGTH DATA ELEMENTS--GENERAL INFORMATION | |
| fixed length control field | 160427b xxu||||| |||| 00| 0 eng d |
| 020 ## - INTERNATIONAL STANDARD BOOK NUMBER | |
| ISBN | 81-7446481-6 |
| 041 ## - LANGUAGE CODE | |
| Language code of text/sound track or separate title | eng |
| 082 ## - DEWEY DECIMAL CLASSIFICATION NUMBER | |
| Item number | 00403 |
| Classification number | 004 |
| 100 ## - MAIN ENTRY--AUTHOR NAME | |
| Personal name | Bharihoke, Deepak |
| 245 ## - TITLE STATEMENT | |
| Title | Fundamentals of Information Technology |
| 260 ## - PUBLICATION, DISTRIBUTION, ETC. (IMPRINT) | |
| Place of publication | New Delhi |
| Name of publisher | Excel Books, |
| Year of publication | 2009 |
| 300 ## - PHYSICAL DESCRIPTION | |
| Number of Pages | 653 |
| 942 ## - ADDED ENTRY ELEMENTS (KOHA) | |
| Koha item type | Books |
| Lost status | Damaged status | Collection code | Home library | Current library | Shelving location | Date acquired | Source of acquisition | Cost, normal purchase price | Full call number | Accession Number | Koha item type |
|---|---|---|---|---|---|---|---|---|---|---|---|
| CS/IT | JRU Library | JRU Library | SHELF-48-E | 27/04/2016 | PURCHASE | 275.00 | 004 | 00403 | Books | ||
| JRU Library | SHELF-1-D | 27/04/2016 | 275.00 | 00403 | 00404 | Books | |||||
| CS/IT | JRU Library | JRU Library | SHELF-48-E | 27/04/2016 | PURCHASE | 275.00 | 004 | 00405 | Books | ||
| CS/IT | JRU Library | JRU Library | SHELF-48-E | 27/04/2016 | PURCHASE | 275.00 | 004 | 00406 | Books | ||
| CS/IT | JRU Library | JRU Library | SHELF-48-E | 27/04/2016 | PURCHASE | 275.00 | 004 | 00407 | Books | ||
| CS/IT | JRU Library | JRU Library | SHELF-48-E | 27/04/2016 | PURCHASE | 275.00 | 004 | 00408 | Books |